000 00399 a2200133 4500
001 153876
040 _cEscola São Tomás de Aquino
100 _aSALGADO,Mauro Ivan
240 1 0 _aA higiene da boca da criança e o excepcional
_lpor
245 1 0 _aA higiene da boca da criança e o excepcional
440 1 _aAssociação Brasileira de Odontologia
697 _a*LITERATURA INFANTIL
942 _cBK
999 _c153876
_d153876